| 000 | 00456nam a2200133Ia 4500 | ||
|---|---|---|---|
| 008 | 250506s9999 xx 000 0 und d | ||
| 024 | _a00A-10-BCS3, 00A-26-BCS3, 00A-28-BCS3 & 00A-33-BCS3 | ||
| 082 | _a005.758072 MUH | ||
| 100 | _aM. Adil Siddiqui , Saqib Mehmood , Muhammad Aamir & Shafia Ahmed | ||
| 245 | 0 | _aDistributed Database System | |
| 260 |
_aKarachi: _bUIT, _c2000 |
||
| 600 | _aComputer Science | ||
| 650 | _aBachelor of Computer Science (BS) | ||
| 999 |
_c28636 _d28636 |
||